[Event "75th ch-BRA"]
[Site "Porto Alegre BRA"]
[Date "2008.12.14"]
[Round "8"]
[White "Barreto Filho,C"]
[Black "Di Berardino,D"]
[Result "1/2-1/2"]
[WhiteElo "2300"]
[BlackElo "2502"]

1.e4 c5 2.Nf3 e6 3.d4 cxd4 4.Nxd4 Nc6 5.Nc3 a6 6.Nxc6 bxc6 7.Bd3 d5 8.O-O Nf6
9.Qf3 Be7 10.e5 Nd7 11.Qg3 g6 12.Bh6 Rb8 13.b3 a5 14.Na4 Nb6 15.Nxb6 Rxb6
16.Rfe1 Bf8 17.Bg5 Be7 18.Bh6 Rb7 19.Re3 Qb6 20.Rf3 Qd4 21.Rd1 Rg8 22.Bd2 a4
23.Rf4 Qxe5 24.Rxa4 Qxg3 25.hxg3 f6 26.Ra8 Kd7 27.Ba5 Bc5 28.a4 Ra7 29.Rxa7+ Bxa7
30.c4 Bb7 31.b4 Ra8 32.cxd5 exd5 33.Kf1 Bb8 34.Ke2 Ba6 35.b5 Bb7 36.bxc6+ Bxc6
37.Bc3 Rxa4 38.Bxf6 Ba7 39.Ra1 Rxa1 40.Bxa1 d4 41.f3 Kd6 42.Bc4 Bd7 43.g4 g5
44.Bb2 h6 45.g3 Bc5 46.Bc1 Bb4 47.Kd3 Bc5 48.f4 Bxg4 49.fxg5 Bf5+ 50.Ke2 h5
51.Bf4+ Ke7 52.Bd3 Bg4+  1/2-1/2

[Event "75th ch-BRA"]
[Site "Porto Alegre BRA"]
[Date "2008.12.14"]
[Round "8"]
[White "Bittencourt,J"]
[Black "Diamant,A"]
[Result "1/2-1/2"]
[WhiteElo "2455"]
[BlackElo "2412"]

1.e4 c5 2.Nf3 e6 3.d4 cxd4 4.Nxd4 Nc6 5.Nc3 Qc7 6.g3 a6 7.Bg2 d6 8.O-O Bd7
9.Re1 Be7 10.Nxc6 Bxc6 11.Qg4 g6 12.a4 Nf6  1/2-1/2

[Event "Masters"]
[Site "Berkeley USA"]
[Date "2008.12.15"]
[Round "2"]
[White "Shivaji,S1"]
[Black "Krush,I"]
[Result "0-1"]
[WhiteElo "2308"]
[BlackElo "2452"]

1.e4 c5 2.Nf3 e6 3.d4 cxd4 4.Nxd4 Nc6 5.Nc3 d6 6.Be3 Nf6 7.f4 Be7 8.Qf3 e5
9.Nxc6 bxc6 10.f5 d5 11.exd5 cxd5 12.Bb5+ Bd7 13.Bxd7+ Qxd7 14.O-O-O Rd8
15.Bg5 e4 16.Qf1 O-O 17.Bxf6 Bxf6 18.Rxd5 Qc7 19.Rxd8 Rxd8 20.Qe1 Bxc3 21.Qxc3 Qf4+
22.Kb1 Qxf5 23.Qe3 h5 24.a3 a5 25.Re1 Qe5 26.g3 f5 27.Qb3+ Kh7 28.Qf7 Kh6
29.Qc4 Rb8 30.b3 Rd8 31.Qe2 Qc3 32.Qe3+ Qxe3 33.Rxe3 g5 34.c4 Re8 35.Kc2 f4
36.gxf4 gxf4 37.Re1 Kg5 38.Kd2 Rd8+ 39.Ke2 Rd3 40.Rb1 f3+ 41.Kf1 Kf4 42.b4 axb4
43.axb4 e3 44.b5 e2+ 45.Ke1 Ke3  0-1

[Event "FSGM December"]
[Site "Budapest HUN"]
[Date "2008.12.15"]
[Round "10"]
[White "Paschall,W"]
[Black "Gara,A"]
[Result "1-0"]
[WhiteElo "2351"]
[BlackElo "2312"]

1.e4 c5 2.Nf3 e6 3.d4 cxd4 4.Nxd4 Nc6 5.Nc3 a6 6.g3 d6 7.Bg2 Bd7 8.O-O Be7
9.a4 Nf6 10.Nb3 b6 11.Qe2 Qc7 12.f4 O-O 13.g4 Bc8 14.g5 Nd7 15.f5 Re8 16.f6 Bf8
17.fxg7 Bxg7 18.Qh5 Nf8 19.Be3 Bb7 20.Rf6 Rad8 21.Raf1 Re7 22.h4 Ne5 23.Bd4 Nc4
24.Nd1 d5 25.e5 Ng6 26.Qe2 Ngxe5 27.R6f2 Ng6 28.Bf6 Rdd7 29.Nd4 Nxh4 30.Bxg7 e5
31.Bf6 exd4 32.Qh5 Ne3 33.Qh6 Nef5 34.Rxf5 Nxf5 35.Rxf5 Re1+ 36.Rf1 Rxf1+
37.Kxf1 Qf4+ 38.Kg1  1-0

[Event "75th ch-BRA"]
[Site "Porto Alegre BRA"]
[Date "2008.12.15"]
[Round "10"]
[White "Oliveira,Si"]
[Black "Di Berardino,D"]
[Result "0-1"]
[WhiteElo "2345"]
[BlackElo "2502"]

1.e4 c5 2.Nf3 e6 3.d4 cxd4 4.Nxd4 Nc6 5.Nc3 a6 6.Nxc6 bxc6 7.Bd3 d5 8.O-O Qc7
9.Re1 Bb7 10.Qf3 Bd6 11.e5 Bf8 12.Ne2 g6 13.Nf4 Bg7 14.Qg3 c5 15.c3 O-O-O
16.Nh3 h6 17.Qe3 Ne7 18.Qe2 c4 19.Bc2 Nc6 20.f4 g5 21.b3 gxf4 22.Bxf4 Rhg8
23.bxc4 d4 24.Rab1 Bxe5 25.Bxe5 Nxe5 26.Be4 d3 27.Bxb7+ Qxb7 28.Qf2 d2 29.Red1 Qc7
30.Qe2 Ng4 31.Qe4 Qxh2+ 32.Kf1 Ne3+  0-1

[Event "75th ch-BRA"]
[Site "Porto Alegre BRA"]
[Date "2008.12.16"]
[Round "11"]
[White "Mekhitarian,K"]
[Black "Leitao,R"]
[Result "1/2-1/2"]
[WhiteElo "2511"]
[BlackElo "2590"]

1.e4 c5 2.Nf3 Nc6 3.d4 cxd4 4.Nxd4 e6 5.Nc3 Qc7 6.Be3 a6 7.Qd2 Nf6 8.O-O-O Be7
9.f3 O-O 10.g4 b5 11.g5 Nh5 12.Nce2 Rd8 13.Ng3 Nxd4 14.Bxd4 Nf4 15.Be3 Bxg5
16.Rg1 f6  1/2-1/2

[Event "15th Croatian Open A"]
[Site "Zadar CRO"]
[Date "2008.12.16"]
[Round "4"]
[White "Plenkovic,Z"]
[Black "Gagarin,V"]
[Result "0-1"]
[WhiteElo "2339"]
[BlackElo "2390"]

1.e4 c5 2.Nf3 e6 3.d4 cxd4 4.Nxd4 Nc6 5.Nc3 d6 6.Be2 Nf6 7.O-O Be7 8.Kh1 O-O
9.f4 e5 10.Nf3 exf4 11.Bxf4 Be6 12.Ng5 Bc8 13.Nf3 Be6 14.Nd4 Nxd4 15.Qxd4 Qc7
16.e5 dxe5 17.Bxe5 Rfd8 18.Qe3 Qc5 19.Qxc5 Bxc5 20.Bf3 Ng4 21.Bg3 Ne3 22.Bxb7 Nxf1
23.Rxf1 Rab8 24.Bxb8 Rxb8 25.Be4 Bd4 26.Rd1 Bxc3 27.bxc3 Bxa2 28.Kg1 Rb1
29.Rxb1 Bxb1 30.Kf2 a5 31.Ke3 a4 32.Kd2 a3 33.Kc1 Ba2 34.Bd3 Kf8 35.c4 Ke7
36.Kd2 Kd6 37.Kc3 Ke5 38.g3 h6 39.h4 h5 40.Be2 f6 41.Bd3 g5 42.Be2 gxh4 43.gxh4 f5
44.Bd3 f4 45.Be2 Bb1 46.Kb3 a2 47.Kb2 Bxc2 48.Kxa2 Bg6 49.Kb2 Kd4 50.c5 Ke3
51.Bf1 Kf2 52.Bh3 Kg3 53.Bd7 f3 54.c6 Be4 55.c7 Bb7 56.c8=Q Bxc8 57.Bxc8 f2
58.Ba6 Kxh4 59.Kc3 Kg3 60.Bf1 h4 61.Kd2  0-1

[Event "15th Croatian Open A"]
[Site "Zadar CRO"]
[Date "2008.12.16"]
[Round "4"]
[White "Zufic,M"]
[Black "Bilobrk,F"]
[Result "1-0"]
[WhiteElo "2429"]
[BlackElo "2372"]

1.e4 c5 2.Nf3 e6 3.d4 cxd4 4.Nxd4 Nc6 5.Nc3 Qc7 6.Be3 a6 7.Qd2 Nf6 8.O-O-O Bb4
9.f3 Ne5 10.Nb3 b5 11.Qf2 Be7 12.g4 d6 13.g5 Nfd7 14.Rg1 b4 15.Na4 Qc6 16.Nb6 Nxb6
17.Bxb6 Nd7 18.Be3 Qc7 19.Kb1 Bb7 20.h4 d5 21.exd5 Bxd5 22.f4 O-O 23.f5 Rfc8
24.f6 Be4 25.Bd3 Bxd3 26.Rxd3 Bf8 27.h5 Ne5 28.Rd4 Nc4 29.Rxc4 Qxc4 30.g6 fxg6
31.hxg6 h6 32.Bd4 Rc7 33.f7+ Kh8 34.Qh2  1-0

[Event "FSGM December"]
[Site "Budapest HUN"]
[Date "2008.12.17"]
[Round "12"]
[White "Gara,A"]
[Black "Skomorokhin,R"]
[Result "1-0"]
[WhiteElo "2312"]
[BlackElo "2400"]

1.e4 c5 2.Nf3 e6 3.d4 cxd4 4.Nxd4 Nc6 5.Nc3 Qc7 6.Be2 a6 7.O-O Nf6 8.Be3 Be7
9.f4 d6 10.a4 O-O 11.Kh1 Re8 12.a5 Nxa5 13.e5 Nd5 14.Nxe6 Bxe6 15.Nxd5 Bxd5
16.Qxd5 Nc6 17.Bc4 Nd8 18.Rad1 Rc8 19.Bb3 dxe5 20.fxe5 Bc5 21.Bxc5 Qxc5 22.Qd7 Qc6
23.Bxf7+ Nxf7 24.Qxf7+ Kh8 25.Rd7 Qg6 26.e6 b5 27.Ra7 Rg8 28.Qxg6 hxg6 29.c3 Rc6
30.e7 Re6 31.Kg1 Kh7 32.Kf2 Re8 33.Re1 Rf6+ 34.Ke2 g5 35.Kd3 Kg8 36.Re2 Kf7
37.Kd4 g4 38.Kc5 Rc8+ 39.Kb4 Ke8 40.Ka5 b4 41.Kxb4 Rb8+ 42.Kc4 Rc8+ 43.Kd3 Rb8
44.b4 Rc8 45.Re4 Rd6+ 46.Rd4 Rdc6 47.Rd8+ Rxd8+ 48.exd8=Q+ Kxd8 49.Rxg7 Rh6
50.Rxg4 Rxh2 51.Kc4 Kc7 52.Rg7+ Kb6 53.Rg6+ Kb7 54.g4 Rh3 55.Kd4  1-0

[Event "15th Croatian Open A"]
[Site "Zadar CRO"]
[Date "2008.12.17"]
[Round "5"]
[White "Armanda,I"]
[Black "Sale,S"]
[Result "1/2-1/2"]
[WhiteElo "2323"]
[BlackElo "2380"]

1.e4 c5 2.Nf3 e6 3.d4 cxd4 4.Nxd4 Nc6 5.Nc3 Qc7 6.Be2 a6 7.O-O Nf6 8.Be3 Bb4
9.Na4 Be7 10.Nxc6 bxc6 11.Nb6 Rb8 12.Nxc8 Qxc8 13.Bd4 c5 14.Be5 Rb6 15.b3 O-O
16.Bd3 d6 17.Bc3 d5 18.Ba5 Rc6 19.exd5 exd5 20.c4 d4 21.Qf3 g6 22.Rae1 Bd6
23.h3 Kg7 24.Re2 Bc7 25.Bd2 Re8 26.Rfe1 Rce6 27.Bg5 Bd8 28.Bf4 Rxe2 29.Rxe2 Rxe2
30.Qxe2 Bc7 31.Bd2 Qd8 32.g3  1/2-1/2

[Event "15th Croatian Open A"]
[Site "Zadar CRO"]
[Date "2008.12.17"]
[Round "6"]
[White "Fercec,N"]
[Black "Jovanic,O"]
[Result "1/2-1/2"]
[WhiteElo "2481"]
[BlackElo "2515"]

1.e4 c5 2.Nf3 e6 3.d4 cxd4 4.Nxd4 Nc6 5.Nc3 Qc7 6.Be3 a6 7.Qd2 Nf6 8.O-O-O Bb4
9.f3 O-O 10.g4 b5 11.g5 Ne8 12.Kb1 Bb7 13.a3 Be7 14.Nb3 Ne5 15.Be2 Rc8 16.Qd4 d6
17.h4 f5 18.gxf6 Bxf6 19.Qb6 Qxb6 20.Bxb6 Nc4 21.Bd4 e5 22.Bf2 Nxa3+ 23.bxa3 Rxc3
24.Be1 Rc8 25.Na5 Ba8 26.Bb4 Bd8 27.Rd3 Rf6 28.Bf1 Bxa5 29.Bxa5 Bc6 30.Bh3 Rb8
31.h5 Kf7 32.Rhd1 Ke7 33.Bf5 g6 34.hxg6 hxg6 35.Bg4 Bd7 36.Bxd7 Kxd7 37.Rh1 Rf7
38.Rh6 Rg7 39.Bc3 Ke6 40.f4 Nf6 41.Rxd6+ Kxd6 42.Bxe5+ Ke6 43.Bxb8 Nxe4 44.Kb2 Kf5
45.Rh8 Nf6 46.Be5 Rf7 47.Ra8 Nd7 48.Bd4 Ke4 49.c3 Rxf4 50.Rxa6 g5 51.Ra5 Rf5
52.a4 bxa4 53.Rxa4 g4 54.Kc2 Nf8 55.Ra1 Ne6 56.Re1+ Kd5 57.Be3 Rf3 58.Kd2 Ng7
59.Bd4 Nf5 60.Re5+ Kd6 61.Re8 Nxd4 62.cxd4 Kd5 63.Rg8 Kxd4 64.Rxg4+  1/2-1/2

[Event "CCF Christmas Int"]
[Site "Coulsdon ENG"]
[Date "2008.12.18"]
[Round "7"]
[White "Madan,A"]
[Black "Zhou,Y"]
[Result "0-1"]
[WhiteElo "2409"]
[BlackElo "2276"]

1.e4 c5 2.Nc3 e6 3.Nf3 Nc6 4.d4 cxd4 5.Nxd4 Nf6 6.a3 d6 7.Be3 Be7 8.f3 e5
9.Nb3 O-O 10.Bc4 Be6 11.Nd5 Bxd5 12.Bxd5 Nxd5 13.exd5 Nb8 14.O-O Nd7 15.c4 Nb6
16.Nd2 Bg5 17.f4 exf4 18.Bxf4 Rc8 19.b3 a5 20.Qg4 Bf6 21.Rae1 a4 22.Ne4 Bd4+
23.Be3 Be5 24.Ng5 h6 25.Nxf7 Rxf7 26.Rxf7 Kxf7 27.Qe6+ Kf8 28.Rf1+ Bf6 29.Bxh6 Nd7
30.Bf4 Ne5 31.Bxe5 dxe5 32.g4 Qe8 33.Qf5 Kg8 34.g5 Be7 35.Qe6+ Kh7 36.d6 Bxg5
37.Qh3+ Bh6 38.d7 Qg6+ 39.Kh1 Rd8 40.bxa4 Qc6+ 41.Qg2 Rxd7 42.Qxc6 bxc6 43.Rf8 Ra7
44.Rc8 Ra6 45.Kg2 Be3 46.Kf3 Bd4 47.Ke4 c5  0-1

[Event "46th ch-IND National A"]
[Site "Mangalore IND"]
[Date "2008.12.18"]
[Round "2"]
[White "Ganguly,S"]
[Black "Negi,P"]
[Result "1-0"]
[WhiteElo "2603"]
[BlackElo "2597"]

1.e4 c5 2.Nf3 e6 3.d4 cxd4 4.Nxd4 Nc6 5.Nc3 Qc7 6.Be2 a6 7.O-O Nf6 8.Be3 Be7
9.f4 d6 10.Kh1 O-O 11.Qe1 Nxd4 12.Bxd4 b5 13.a3 Bb7 14.Qg3 Rad8 15.Rad1 Rd7
16.Bf3 Rfd8 17.Rfe1 Bc6 18.Nd5 Bxd5 19.exd5 Qxc2 20.dxe6 fxe6 21.Rxe6 Qg6
22.Qh3 Qf7 23.Bb6 Bf8 24.Bxd8 Rxd8 25.Qf5 Qd7 26.g4 Qc7 27.g5 Nd7 28.Bd5  1-0

[Event "XXI Carlos Torre KO"]
[Site "Merida MEX"]
[Date "2008.12.18"]
[Round "2.2"]
[White "Leon Hoyos,M"]
[Black "Tregubov,P"]
[Result "0-1"]
[WhiteElo "2535"]
[BlackElo "2646"]

1.e4 c5 2.Nc3 e6 3.Nf3 Nc6 4.d4 cxd4 5.Nxd4 Nf6 6.Ndb5 d6 7.Bf4 e5 8.Bg5 a6
9.Na3 b5 10.Nd5 Be7 11.Bxf6 Bxf6 12.c3 Bg5 13.Nc2 Rb8 14.a4 bxa4 15.Ncb4 Nxb4
16.Nxb4 Bd7 17.Bxa6 Qa5 18.Qxd6 Rb6 19.Qd3 Be7 20.Nd5 Rxb2 21.O-O Qc5 22.Rad1 Bc6
23.Nc7+ Kf8 24.Bc4 g6 25.Kh1 Kg7 26.Bxf7 Kxf7 27.f4 Rf8 28.Qh3 Kg8 29.Ne6 Qc4
30.Nxf8 Bxf8 31.fxe5 Be7 32.Rf4 a3 33.e6 Bxe4 34.Qe3 Bxg2+ 35.Kg1 Qe2 36.Rd8+ Bxd8
37.Rf8+ Kxf8 38.Qf4+ Kg7  0-1

[Event "TCh-ISR 2008-9"]
[Site "Israel ISR"]
[Date "2008.12.19"]
[Round "3"]
[White "Kovalev,An"]
[Black "Manor,I"]
[Result "1-0"]
[WhiteElo "2550"]
[BlackElo "2490"]

1.e4 c5 2.Nf3 e6 3.Nc3 Nc6 4.d4 cxd4 5.Nxd4 Nf6 6.Ndb5 d6 7.Bf4 e5 8.Bg5 a6
9.Na3 b5 10.Nd5 Be7 11.Bxf6 Bxf6 12.c4 b4 13.Nc2 a5 14.g3 O-O 15.Bg2 Bg5
16.O-O Be6 17.h4 Bh6 18.b3 Nb8 19.a3 bxa3 20.Nxa3 Na6 21.Nb5 Kh8 22.Ra3 Nc5
23.Ndc7 Rb8 24.Qxd6 Qxd6 25.Nxd6 Bd2 26.Rb1 Bb4 27.Ra2 Rbd8 28.Ndb5 Rd3 29.Rab2 Bg4
30.Nd5 Bd1 31.Na7 Rxb3 32.Rxb3 Bxb3 33.Nxb4 axb4 34.Nc6 Rc8 35.Nxe5 f6 36.Nf7+ Kg8
37.Nd6 Rb8 38.Nb5 Rd8 39.Bf3 Rd3 40.Be2 Rd2 41.Kf1 Kf7 42.Nc7 Ra2 43.f3 Ra3
44.Nd5 Ra4 45.Kf2 Ke6 46.Rb2 Kd6 47.g4 Kc6 48.g5  1-0

[Event "XXI Carlos Torre KO"]
[Site "Merida MEX"]
[Date "2008.12.19"]
[Round "3.3"]
[White "Quezada Perez,Y"]
[Black "Tregubov,P"]
[Result "1-0"]
[WhiteElo "2580"]
[BlackElo "2646"]

1.e4 c5 2.Nf3 e6 3.d4 cxd4 4.Nxd4 Nc6 5.Nc3 Nf6 6.a3 Qc7 7.Be2 a6 8.Be3 Nxd4
9.Qxd4 Bd6 10.Qb6 Qxb6 11.Bxb6 Be5 12.f3 d6 13.O-O-O Bd7 14.Bd4 Ke7 15.Bxe5 dxe5
16.b3 Rac8 17.Kb2 Rc7 18.Rd2 g5 19.Nd1 g4 20.Ne3 gxf3 21.gxf3 b5 22.c4 Rg8
23.Rc1 Nh5 24.c5 Nf4 25.b4 Bc6 26.Bf1 h5 27.Rcd1 h4 28.Ng2 Nxg2 29.Bxg2 Rd7
30.Rxd7+ Bxd7 31.Bh3 a5 32.Kb3 axb4 33.axb4 f5 34.Ra1 fxe4 35.fxe4 Rf8 36.Bg4 Rf4
37.h3 Rxe4 38.Ra7 Rc4 39.Be2  1-0

[Event "5th IRT"]
[Site "Merlo ARG"]
[Date "2008.12.19"]
[Round "1"]
[White "Tomeo,I"]
[Black "Sapienza,J"]
[Result "0-1"]
[WhiteElo "2095"]
[BlackElo "2169"]

1.Nf3 c5 2.e4 Nc6 3.Nc3 e6 4.d4 cxd4 5.Nxd4 Nf6 6.Nxc6 bxc6 7.e5 Nd5 8.Ne4 Qc7
9.f4 Qb6 10.c4 Bb4+ 11.Ke2 Ba6 12.Kf3 f5 13.Nd6+ Bxd6 14.cxd5 Bc5 15.dxe6 dxe6
16.b4 Bg1 17.Qc2 Bxf1 18.Rxg1 Qb5 19.Be3 Bd3 20.Qc5 Be4+ 21.Kf2 Qxc5 22.Bxc5 h5
23.a4 a6 24.g3 O-O-O 25.Bd6 Rd7 26.Rac1 Kb7 27.Rc5 Ra8 28.h3 Kb6 29.Rd1 h4
30.g4 fxg4 31.Ke3 Bg2 32.Rb1 gxh3 33.Rc2 Rad8 34.b5 cxb5 35.axb5 a5 36.Kf2 Be4
37.Rc6+ Bxc6 38.bxc6+ Kxc6 39.Rc1+ Kb5 40.Rc3 h2 41.Rh3 Rxd6 42.exd6 Rxd6
43.Ke3  0-1

[Event "15th Croatian Open A"]
[Site "Zadar CRO"]
[Date "2008.12.19"]
[Round "8"]
[White "Jakic,I"]
[Black "Arnaudov,P"]
[Result "1-0"]
[WhiteElo "2377"]
[BlackElo "2195"]

1.e4 c5 2.Nf3 Nc6 3.d4 cxd4 4.Nxd4 e6 5.Nc3 Qc7 6.Be3 a6 7.Bd3 Nf6 8.O-O Ne5
9.f4 Neg4 10.Bd2 Bc5 11.Ne2 e5 12.fxe5 Qxe5 13.Bf4 Bxd4+ 14.Kh1 Qc5 15.Nxd4 Qxd4
16.e5 Nf2+ 17.Rxf2 Qxf2 18.exf6 d6 19.fxg7 Rg8 20.Qe1+ Qxe1+ 21.Rxe1+ Be6
22.Bh6 Kd7 23.Bxh7 Rge8 24.Rd1 f6 25.Bf4 d5 26.c4 Kc6 27.h4 Bf7 28.cxd5+ Bxd5
29.h5 Re2 30.Rxd5 Kxd5 31.g8=Q+ Rxg8 32.Bxg8+ Ke4 33.g3 Kf5 34.Bh7+ Kg4 35.h6 Kf3
36.Bg6 Re1+ 37.Kh2 Re2+ 38.Kh3 Re1 39.Bh5+ Kf2  1-0

[Event "15th Croatian Open A"]
[Site "Zadar CRO"]
[Date "2008.12.19"]
[Round "8"]
[White "Mazi,L"]
[Black "Kristovic,M"]
[Result "0-1"]
[WhiteElo "2374"]
[BlackElo "2337"]

1.e4 c5 2.Nf3 Nc6 3.d4 cxd4 4.Nxd4 e6 5.Nc3 Qc7 6.Be3 a6 7.Qd2 Nf6 8.f3 b5
9.O-O-O Bb7 10.g4 Rc8 11.g5 Nxd4 12.Bxd4 Nh5 13.Bh3 Bc6 14.Rhe1 Nf4 15.Bf1 h6
16.gxh6 Rxh6 17.Kb1 b4 18.Ne2 Nxe2 19.Rxe2 e5 20.Be3 Rd6 21.Qe1 Ba4 22.b3 Rxd1+
23.Qxd1 Bb5 24.Rd2 Ra8 25.Rd5 Bc6 26.Bc4 a5 27.Bc1 a4 28.Bb2 f6 29.Rd2 axb3
30.Bxb3 Qa7 31.Rg2 Ba4 32.Bd5 Rc8 33.Bb3 Bxb3 34.cxb3 Qa6 35.Qe2 Qb7 36.Qd3 Rc5
37.Rd2 Qc6 38.Rd1 g6 39.f4 exf4 40.Bxf6 Qe6 41.e5 Qf5 42.Qxf5 gxf5 43.Rd3 Rc3
44.Rxc3 bxc3 45.Bg5 f3 46.Be3 Bh6 47.Bf2 Bd2 48.Kc2 f4 49.Bh4 Kf7 50.a4 Ke6
51.a5 Kd5 52.b4 Kc4 53.a6 Be3 54.Be1 f2 55.Bxf2 Bxf2 56.h4 f3 57.h5 Be3 58.h6 f2  0-1

[Event "XXI Carlos Torre"]
[Site "Merida MEX"]
[Date "2008.12.20"]
[Round "9"]
[White "Cabrera Trujillo,J"]
[Black "Cordova,Em"]
[Result "0-1"]
[WhiteElo "2438"]
[BlackElo "2533"]

1.e4 c5 2.Nf3 e6 3.d4 cxd4 4.Nxd4 Nc6 5.Nc3 Qc7 6.Be3 a6 7.Bd3 Nf6 8.O-O Nxd4
9.Bxd4 Bc5 10.Bxc5 Qxc5 11.Kh1 b5 12.Qe1 d6 13.f4 Bb7 14.a4 b4 15.Na2 a5
16.c3 bxc3 17.Bb5+ Bc6 18.Nxc3 Bxb5 19.axb5 O-O 20.Ra4 d5 21.exd5 Nxd5 22.Nxd5 Qxd5
23.Rxa5 Rxa5 24.Qxa5 Rb8 25.Qa4 h6 26.Rd1 Qf5 27.Qc4 Rxb5 28.g4 Qc5 29.Qxc5 Rxc5
30.b4 Rc4 31.f5 exf5 32.gxf5 Rxb4 33.Rd8+ Kh7 34.Rd7 f6 35.Rd5 Rb2 36.Kg1 Re2
37.Rd4 Kg8 38.Rd8+ Kf7 39.Rd7+ Kg8 40.Rd4 Kh7 41.Rf4 h5 42.h3 Kh6 43.Rf3 Re4
44.Kh2 Kg5 45.Rg3+ Kxf5 46.Rxg7 Kf4 47.Rg2 Re3 48.Rf2+ Rf3 49.Rb2 Kg5 50.Rb4 Rf4
51.Rb3 Kh4 52.Kg2 f5 53.Rb5 Kg5 54.Kg3 h4+ 55.Kg2 Rd4 56.Rb2 Rd3 57.Ra2 Rg3+
58.Kh2 Re3 59.Kg2 Kf4 60.Ra4+ Re4 61.Ra2 Rd4 62.Rf2+ Kg5 63.Ra2 Rd3 64.Rb2 Kf4
65.Rb4+ Ke3 66.Rxh4 f4 67.Rh8 Rd2+ 68.Kg1 Rd1+ 69.Kh2 f3 70.h4 f2 71.Re8+ Kd3
72.Rd8+ Kc2  0-1

[Event "8th Amplico AIG Life Rapid"]
[Site "Warsaw POL"]
[Date "2008.12.20"]
[Round "1"]
[White "Macieja,B"]
[Black "Starczewska,D"]
[Result "1-0"]
[WhiteElo "2600"]
[BlackElo "1842"]

1.e4 c5 2.Nc3 e6 3.Nf3 Nc6 4.d4 cxd4 5.Nxd4 Nf6 6.Nxc6 bxc6 7.e5 Nd5 8.Ne4 Qc7
9.f4 c5 10.c4 Nb6 11.Bd3 Bb7 12.b3 d6 13.exd6 Bxd6 14.O-O Rd8 15.Qe2 Nd7
16.Nxd6+ Qxd6 17.Bb2 Nf6 18.Rad1 Qe7 19.f5 O-O 20.fxe6 fxe6 21.Bf5 Rde8 22.Rde1 Bc8
23.Bb1 Rd8 24.Qc2 g6 25.Qe2 Rd6 26.Qe5  1-0

[Event "8th Amplico AIG Life Rapid"]
[Site "Warsaw POL"]
[Date "2008.12.20"]
[Round "2"]
[White "Gasik,Ad"]
[Black "Mastrovasilis,D"]
[Result "1/2-1/2"]
[WhiteElo "2135"]
[BlackElo "2572"]

1.e4 c5 2.Nf3 e6 3.d4 cxd4 4.Nxd4 Nc6 5.Nc3 Qc7 6.Be3 a6 7.Be2 Nf6 8.O-O Bb4
9.Nxc6 bxc6 10.Qd4 c5 11.Qc4 Bb7 12.Bf3 Qe5 13.Na4 Bxe4 14.Bxe4 Qxe4 15.Qxe4 Nxe4
16.c3 Ba5 17.Nxc5 Nxc5 18.Bxc5 d5 19.b4 Bc7 20.a4 Kd7 21.Rfb1 Rhc8 22.g3 Bd6
23.Bxd6 Kxd6 24.Rb3 g5 25.Kg2 h5 26.Rd1 Rab8 27.Kf3 Rc7 28.h4 gxh4 29.gxh4 Rbc8
30.Rd3 Rc4 31.Kg3 Rg8+ 32.Kh3 Rgg4 33.b5 Rxh4+ 34.Kg2 axb5 35.axb5 Kc7 36.Rd2 Kb6
37.Ra2 Ra4 38.Rxa4 Rxa4 39.Kg3 Rg4+ 40.Kh3 Rc4 41.Kg3 Rc5 42.Kh4 Rxb5 43.Ra3 Rb2
44.f4 Rf2 45.Kg5 h4 46.Kxh4 Rxf4+ 47.Kg3 Rc4 48.Rb3+ Kc6 49.Kf3 Kd6 50.Ke3 Ke5
51.Kd3 Rh4 52.Rb7 Rh3+ 53.Kd2 f5 54.Ra7 d4 55.Ra5+ Ke4 56.cxd4 Rd3+ 57.Ke2 Rxd4
58.Ra6 e5 59.Ra5 Rb4 60.Ra2 f4 61.Kf2 Kf5 62.Kf3 e4+ 63.Kf2 Kg4 64.Rc2 Rd4
65.Rc8 Rd2+ 66.Ke1 Ra2 67.Kf1 Kf3 68.Rc3+ e3 69.Kg1 Ke2  1/2-1/2

[Event "8th Amplico AIG Life Rapid"]
[Site "Warsaw POL"]
[Date "2008.12.20"]
[Round "2"]
[White "Swiercz,D"]
[Black "Kowalski,L"]
[Result "1/2-1/2"]
[WhiteElo "2478"]
[BlackElo "2080"]

1.e4 c5 2.Nf3 e6 3.d4 cxd4 4.Nxd4 Nc6 5.Nc3 Qc7 6.g3 a6 7.Bg2 Nf6 8.O-O Be7
9.Be3 O-O 10.f4 d6 11.Nb3 Rd8 12.Kh1 b5 13.a3 Bb7 14.Qe2 Rac8 15.g4 Nd7 16.g5 Nb6
17.Rad1 Nc4 18.Bc1 Bf8 19.f5 Re8 20.fxe6 fxe6 21.Rd3 N6e5 22.Rh3 g6 23.Nd1 Bg7
24.c3 Rf8 25.Nf2 d5 26.Nd4 Qe7 27.Rg1 Rce8 28.Rg3 Nd6 29.exd5 exd5 30.Rf1 Ndc4
31.Re1 Qf7 32.Rf1 Qe7 33.Qc2 Rf7 34.Rg1 Ref8 35.Nh3 Qd7 36.b3 Nd6 37.Qd1 Ne4
38.Bxe4 dxe4 39.Be3 Nd3  1/2-1/2

[Event "8th Amplico AIG Life Rapid"]
[Site "Warsaw POL"]
[Date "2008.12.20"]
[Round "4"]
[White "Zdebskaja,N"]
[Black "Macieja,B"]
[Result "1-0"]
[WhiteElo "2419"]
[BlackElo "2600"]

1.e4 c5 2.Nf3 e6 3.d4 cxd4 4.Nxd4 Nc6 5.Nc3 Qc7 6.Be2 a6 7.O-O Nf6 8.Be3 Be7
9.f4 d6 10.a4 O-O 11.Kh1 Re8 12.Bd3 Nxd4 13.Bxd4 e5 14.Bg1 exf4 15.Rxf4 Be6
16.Nd5 Bxd5 17.exd5 g6 18.Qf3 Nd7 19.Bd4 Rf8 20.Rf1 f6 21.Qh3 Kg7 22.Rh4 Rh8
23.Qe3 Ne5 24.Qh6+ Kf7 25.Bxe5 dxe5 26.d6 Qxd6 27.Bc4+ Ke8 28.Qg7 Kd7 29.Rh3 e4
30.Rb3 Kc7 31.Bd5 Rab8 32.a5 Rhe8 33.Rc3+ Kd8 34.Bxe4 f5 35.Rd3 fxe4 36.Rxd6+ Bxd6
37.Rd1 Re6 38.Qf7  1-0

[Event "8th Amplico AIG Life Rapid"]
[Site "Warsaw POL"]
[Date "2008.12.20"]
[Round "4"]
[White "Berg,E"]
[Black "Genutis,M"]
[Result "1-0"]
[WhiteElo "2623"]
[BlackElo "2325"]

1.e4 c5 2.Nf3 e6 3.d4 cxd4 4.Nxd4 Nc6 5.Nc3 Qc7 6.Be3 a6 7.Qd2 Nf6 8.f3 Ne5
9.O-O-O Be7 10.Kb1 b5 11.g4 O-O 12.g5 Nh5 13.Bd3 Nc4 14.Bxc4 bxc4 15.Nce2 Rb8
16.Ka1 Bb4 17.c3 Be7 18.Ng3 g6 19.Nxh5 gxh5 20.Rhg1 a5 21.f4 a4 22.f5 a3
23.b4 cxb3 24.Nxb3 exf5 25.exf5 d5 26.g6 Bxf5 27.gxf7+ Kxf7 28.Qxd5+ Ke8
29.Bd4 Rd8 30.Qb5+ Qd7 31.Qe5 Qd6 32.Rde1 Qxe5 33.Rxe5 Rf7 34.Bc5 Kd7 35.Bxe7 Rxe7
36.Rxf5 Rde8 37.Rd1+ Kc7 38.Rc5+ Kb6 39.Rd6+ Kb7 40.Na5+ Ka8 41.Ra6+ Ra7
42.Rxa7+ Kxa7 43.Kb1 Re1+ 44.Kc2 Re2+ 45.Kb3 Rxh2 46.Nc4 h4 47.Rc7+ Ka6 48.Rxh7 h3
49.Rh6+ Kb5 50.Nd6+ Kc5 51.Ne4+ Kd5 52.Ng5 Rh1 53.Rxh3 Rb1+ 54.Kxa3 Kc4 55.Ne4  1-0

[Event "8th Amplico AIG Life Rapid"]
[Site "Warsaw POL"]
[Date "2008.12.20"]
[Round "5"]
[White "Fedorchuk,S"]
[Black "Jaracz,P"]
[Result "1-0"]
[WhiteElo "2603"]
[BlackElo "2513"]

1.e4 c5 2.Nf3 e6 3.d4 cxd4 4.Nxd4 Nc6 5.Nc3 Qc7 6.Be3 a6 7.Qd2 Nf6 8.O-O-O Bb4
9.f3 Ne5 10.Qe1 Bxc3 11.Qxc3 Qxc3 12.bxc3 d5 13.exd5 Nxd5 14.Bd2 b5 15.Re1 Nc4
16.Bxc4 bxc4 17.Nf5 O-O 18.Nd6 Bd7 19.Re4 Rab8 20.Nxc4 Rfc8 21.Ne5 Rc7 22.c4 Rcb7
23.Ba5 Nf6 24.Ree1 Ba4 25.Nd3 Nd7 26.Kd2 Rc8 27.Re4 Nc5 28.Rd4 Nxd3 29.cxd3 Rb2+
30.Ke3 Rxg2 31.a3 Rb2 32.Rd6 Bc6 33.h4 Rb3 34.Bb4 e5 35.Rg1 a5 36.Bxa5 Rxa3
37.Bd8 Kf8 38.Bb6 Kg8 39.h5 f5 40.Rg5 Rb3 41.Ba7 Rb7 42.Bc5 f4+ 43.Kd2 Bxf3
44.Rxe5 Rf7 45.Bf2 Ra8 46.Kc3 h6 47.Bb6 Ra2 48.c5 Bg4 49.c6  1-0

[Event "8th Amplico AIG Life Rapid"]
[Site "Warsaw POL"]
[Date "2008.12.20"]
[Round "5"]
[White "Mista,A"]
[Black "Vitiugov,N"]
[Result "1-0"]
[WhiteElo "2559"]
[BlackElo "2638"]

1.e4 c5 2.Nf3 e6 3.d4 cxd4 4.Nxd4 Nc6 5.Nc3 Qc7 6.Be2 Nf6 7.O-O h5 8.h3 a6
9.Be3 b5 10.Nxc6 dxc6 11.f4 Bb7 12.e5 Rd8 13.Qe1 Nd7 14.Rd1 c5 15.Bf3 Be7
16.Bxb7 Qxb7 17.Bf2 O-O 18.Ne4 Qc6 19.Nd6 Nb6 20.Bh4 Bxh4 21.Qxh4 Nc4 22.Nf5 Rde8
23.Nxg7 Kxg7 24.Qg5+ Kh7 25.Qxh5+ Kg7 26.Qg5+ Kh7 27.Qh4+ Kg7 28.Qf6+ Kh7
29.Rf3 Rg8 30.Qh4+ Kg7 31.Rg3+ Kf8 32.Qh6+ Ke7 33.Rxg8  1-0

[Event "Open A"]
[Site "Groningen NED"]
[Date "2008.12.21"]
[Round "1"]
[White "Pijpers,A"]
[Black "Swinkels,R"]
[Result "0-1"]
[WhiteElo "2150"]
[BlackElo "2451"]

1.e4 c5 2.Nf3 e6 3.d4 cxd4 4.Nxd4 Nc6 5.Nc3 Qc7 6.Be3 a6 7.Bd3 Nf6 8.O-O Nxd4
9.Bxd4 Bc5 10.Bxc5 Qxc5 11.Qe2 d6 12.Kh1 e5 13.f4 Bg4 14.Qe1 Be6 15.Rd1 O-O
16.Qh4 exf4 17.Nd5 Bxd5 18.exd5 h6 19.Rxf4 Qe3 20.Re1 Qd2 21.Ref1 Rae8 22.h3 Re5
23.Rf5 Rxf5 24.Rxf5 Qc1+ 25.Kh2 Qxb2 26.Qf4 Rd8 27.Qe3 Kf8 28.a4 Re8 29.Qf4 Re5
30.c4 Qc3 31.Bb1 Ke7 32.c5 Qxc5 33.Rxe5+ dxe5 34.Qxe5+ Kd8 35.Qb8+ Qc8 36.Qd6+ Qd7
37.Qb8+ Ke7 38.Qe5+ Kf8 39.Qb8+ Ne8 40.Be4 Qd6+ 41.Qxd6+ Nxd6 42.Bd3 f5 43.Kg3 Kf7
44.Kf4 Kf6 45.Bc2 g5+ 46.Ke3 Ke5 47.Bb3 Ne4  0-1

[Event "TCh-HUN 2008-9"]
[Site "Szombathely HUN"]
[Date "2008.12.21"]
[Round "4"]
[White "Macak,S"]
[Black "Dovzik,J"]
[Result "1-0"]
[WhiteElo "2546"]
[BlackElo "2374"]

1.e4 c5 2.Nf3 e6 3.d4 cxd4 4.Nxd4 Nc6 5.Nc3 Nf6 6.Ndb5 Bb4 7.a3 Bxc3+ 8.Nxc3 d5
9.exd5 exd5 10.Bd3 O-O 11.O-O d4 12.Ne2 Bg4 13.f3 Bh5 14.Nf4 Bg6 15.Nxg6 hxg6
16.f4 Ne7 17.g4 Qd7 18.f5 gxf5 19.gxf5 Ned5 20.Bg5 Ne3 21.Qf3 Nxf1 22.Bxf6 Qd6
23.Bg5 Ne3 24.f6 Qd5 25.Qg3 Rfe8 26.Bxe3  1-0

[Event "8th Amplico AIG Life Rapid"]
[Site "Warsaw POL"]
[Date "2008.12.21"]
[Round "11"]
[White "Szelag,M"]
[Black "Berzinsh,I"]
[Result "1-0"]
[WhiteElo "2468"]
[BlackElo "2209"]

1.e4 c5 2.Nf3 e6 3.d4 cxd4 4.Nxd4 Nc6 5.Nc3 Bb4 6.Nxc6 bxc6 7.Qd4 Bf8 8.Be3 d6
9.O-O-O Bd7 10.Bc4 c5 11.Qd3 a6 12.e5 dxe5 13.Ne4 Qc7 14.Bxc5 Bxc5 15.Nxc5 Qxc5
16.Qxd7+ Kf8 17.Qd6+ Qxd6 18.Rxd6 a5 19.Rhd1 Nf6 20.Rb6 g6 21.Rb7 Rc8 22.Bb3 Rg8
23.Ra7 Rc5 24.Rd6 Kg7 25.Bxe6 Rf8 26.f3 h5 27.a3 h4 28.b4 axb4 29.axb4 Rb5
30.c3 Nh5 31.Rdd7 Kf6 32.Bc4 Rb6 33.Rxf7+ Rxf7 34.Rxf7+ Kg5 35.Kc2 Nf6 36.Re7 Kf4
37.b5 Ke3 38.Rxe5+ Kf2 39.Re2+ Kg1 40.h3 Kh2 41.Re6 Nd7 42.Rxb6 Nxb6 43.Be6 Kxg2
44.c4 Kxf3 45.Kb3 Ke4 46.c5 Nd5 47.b6 Ne7 48.Bd7 Kd5 49.b7  1-0